000 00620cam a22002293a 4500
001 8390
003 PGUSA
005 20140828083155.0
008 050601s2005||||xxu|||||s|||||000 | eng d
040 _aPGUSA
_beng
042 _adc
050 4 _aBQ
100 1 _aHodous, Lewis,
_d1872-1949
245 1 0 _aBuddhism and Buddhists in China
_h[electronic resource] /
_cLewis Hodous
260 _bProject Gutenberg,
_c2005
506 _aPublic domain in the USA.
516 _aElectronic text
653 _aBuddhism
830 0 _aProject Gutenberg
_v8390
856 4 0 _uhttp://www.gutenberg.org/ebooks/8390
942 _cEB
999 _c237690
_d237690